<?xml version="1.0" encoding="UTF-8"?>
<record
    xmlns:xsi="http://www.w3.org/2001/XMLSchema-instance"
    xsi:schemaLocation="http://www.loc.gov/MARC21/slim http://www.loc.gov/standards/marcxml/schema/MARC21slim.xsd"
    xmlns="http://www.loc.gov/MARC21/slim">

  <leader>01183nam a2200253 a 4500</leader>
  <controlfield tag="001">81660</controlfield>
  <controlfield tag="003">BD-RjUL</controlfield>
  <controlfield tag="005">20230809154428.0</controlfield>
  <controlfield tag="008">230809s2016    bg ||||| |||| 00| 0 ben d</controlfield>
  <datafield tag="020" ind1=" " ind2=" ">
    <subfield code="a"> 9789845120197</subfield>
  </datafield>
  <datafield tag="035" ind1=" " ind2=" ">
    <subfield code="a">(BD-RjUL)81660</subfield>
  </datafield>
  <datafield tag="040" ind1=" " ind2=" ">
    <subfield code="a">BD-RjUL</subfield>
    <subfield code="b">eng</subfield>
    <subfield code="c">BD-RjUL</subfield>
  </datafield>
  <datafield tag="041" ind1=" " ind2=" ">
    <subfield code="a">ben</subfield>
  </datafield>
  <datafield tag="082" ind1=" " ind2=" ">
    <subfield code="2">23</subfield>
    <subfield code="a">915.492003</subfield>
    <subfield code="b">DHA 2016</subfield>
  </datafield>
  <datafield tag="245" ind1=" " ind2=" ">
    <subfield code="a">&#x9A2;&#x9BE;&#x995;&#x9BE; &#x995;&#x9CB;&#x9B7;  = Encyclopedia of Dhaka /</subfield>
    <subfield code="c">&#x9B8;&#x9AE;&#x9CD;&#x9AA;&#x9BE;&#x9A6;&#x995; &#x9B6;&#x9B0;&#x9C0;&#x9AB; &#x989;&#x9A6;&#x9CD;&#x9A6;&#x9BF;&#x9A8; &#x986;&#x9B9;&#x9AE;&#x9C7;&#x9A6; ; &#x9B8;&#x9B9;&#x9AF;&#x9CB;&#x997;&#x9C0; &#x9B8;&#x9AE;&#x9CD;&#x9AA;&#x9BE;&#x9A6;&#x995; &#x9A6;&#x9C7;&#x9B2;&#x993;&#x9AF;&#x9BC;&#x9BE;&#x9B0; &#x9B9;&#x9BE;&#x9B8;&#x9BE;&#x9A8;, &#x9A8;&#x9BE;&#x99C;&#x9AE;&#x9BE; &#x996;&#x9BE;&#x9A8; &#x9AE;&#x99C;&#x9B2;&#x9BF;&#x9B6;</subfield>
  </datafield>
  <datafield tag="260" ind1=" " ind2=" ">
    <subfield code="a">&#x9A2;&#x9BE;&#x995;&#x9BE; :</subfield>
    <subfield code="b">&#x9AC;&#x9BE;&#x982;&#x9B2;&#x9BE;&#x9A6;&#x9C7;&#x9B6; &#x98F;&#x9B6;&#x9BF;&#x9AF;&#x9BC;&#x9BE;&#x99F;&#x9BF;&#x995; &#x9B8;&#x9CB;&#x9B8;&#x9BE;&#x987;&#x99F;&#x9BF;,</subfield>
    <subfield code="c">&#x9E8;&#x9E6;&#x9E7;&#x9E8; [ &#x9AE;&#x9C1;&#x9A6;&#x9CD;&#x9B0;&#x9A3;&#x9E8;&#x9E6;&#x9E7;&#x9EC;]</subfield>
  </datafield>
  <datafield tag="300" ind1=" " ind2=" ">
    <subfield code="a">&#x9EA;&#x9E6;&#x9EE; &#x9AA;&#x9C3;.;</subfield>
    <subfield code="c">&#x9E8;&#x9EB; &#x9B8;&#x9C7;&#x9AE;&#x9BF;.</subfield>
  </datafield>
  <datafield tag="650" ind1=" " ind2=" ">
    <subfield code="a">&#x9AC;&#x9BE;&#x982;&#x9B2;&#x9BE;&#x9A6;&#x9C7;&#x9B6; </subfield>
    <subfield code="z">&#x9A2;&#x9BE;&#x995;&#x9BE;</subfield>
    <subfield code="v">&#x9AC;&#x9BF;&#x9B6;&#x9CD;&#x9AC;&#x995;&#x9CB;&#x9B7;</subfield>
    <subfield code="9">8267</subfield>
  </datafield>
  <datafield tag="650" ind1=" " ind2=" ">
    <subfield code="a">Bangladesh</subfield>
    <subfield code="z">Dhaka</subfield>
    <subfield code="v">Encyclopedia</subfield>
    <subfield code="9">8268</subfield>
  </datafield>
  <datafield tag="700" ind1=" " ind2=" ">
    <subfield code="a">&#x986;&#x9B9;&#x9AE;&#x9C7;&#x9A6;, &#x9B6;&#x9B0;&#x9C0;&#x9AB; &#x989;&#x9A6;&#x9CD;&#x9A6;&#x9BF;&#x9A8; </subfield>
    <subfield code="9">8269</subfield>
  </datafield>
  <datafield tag="700" ind1=" " ind2=" ">
    <subfield code="a">&#x9B9;&#x9BE;&#x9B8;&#x9BE;&#x9A8;, &#x9A6;&#x9C7;&#x9B2;&#x993;&#x9AF;&#x9BC;&#x9BE;&#x9B0; </subfield>
    <subfield code="9">8270</subfield>
  </datafield>
  <datafield tag="700" ind1=" " ind2=" ">
    <subfield code="a">&#x9AE;&#x99C;&#x9B2;&#x9BF;&#x9B6;, &#x9A8;&#x9BE;&#x99C;&#x9AE;&#x9BE; &#x996;&#x9BE;&#x9A8; </subfield>
    <subfield code="9">8271</subfield>
  </datafield>
  <datafield tag="942" ind1=" " ind2=" ">
    <subfield code="2">ddc</subfield>
    <subfield code="c">REF</subfield>
  </datafield>
  <datafield tag="999" ind1=" " ind2=" ">
    <subfield code="c">81660</subfield>
    <subfield code="d">81660</subfield>
  </datafield>
  <datafield tag="952" ind1=" " ind2=" ">
    <subfield code="0">0</subfield>
    <subfield code="1">0</subfield>
    <subfield code="2">ddc</subfield>
    <subfield code="4">0</subfield>
    <subfield code="7">1</subfield>
    <subfield code="8">NFIC</subfield>
    <subfield code="a">RUCL</subfield>
    <subfield code="b">RUCL</subfield>
    <subfield code="c">REF</subfield>
    <subfield code="d">2023-06-19</subfield>
    <subfield code="e">Rajshahi : Biddasagar</subfield>
    <subfield code="g">560.00</subfield>
    <subfield code="o">BR 915.492003 DHA 2016</subfield>
    <subfield code="r">2023-08-09 00:00:00</subfield>
    <subfield code="t">C-1</subfield>
    <subfield code="y">REF</subfield>
  </datafield>
  <datafield tag="952" ind1=" " ind2=" ">
    <subfield code="0">0</subfield>
    <subfield code="1">0</subfield>
    <subfield code="2">ddc</subfield>
    <subfield code="4">0</subfield>
    <subfield code="7">1</subfield>
    <subfield code="8">NFIC</subfield>
    <subfield code="a">RUCL</subfield>
    <subfield code="b">RUCL</subfield>
    <subfield code="c">REF</subfield>
    <subfield code="d">2023-06-19</subfield>
    <subfield code="e">Rajshahi : Biddasagar</subfield>
    <subfield code="g">560.00</subfield>
    <subfield code="o">BR 915.492003 DHA 2016</subfield>
    <subfield code="r">2023-08-09 00:00:00</subfield>
    <subfield code="t">C-2</subfield>
    <subfield code="y">REF</subfield>
  </datafield>
</record>
